Statistics for What am I? Riddles

Click here to take the quiz!

General Stats

  • This quiz has been taken 470 times
  • The average score is 3 of 10

Answer Stats

HintAnswer% Correct
The beginning of eternity, The end of time and space, The beginning of every end, And the end of every place. What am I?Letter E
72%
I cannot be felt, seen or touched; Yet I can be found in everybody; My existence is always in debate; Yet I have my own style of music. What Am I?I'm a Soul
53%
I am the center of gravity, hold a capital situation in Vienna, and as I am foremost in every victory, am allowed by all to be invaluable. Though I am invisible, I am clearly seen in the midst of a river. I could name three who are in love with me and have three associates in vice. It is vain that you seek me for I have long been in heaven yet even now lie embalmed in the grave. What am I?Letter V
49%
I can sizzle like bacon, I am made with an egg, I have plenty of backbone, but lack a good leg, I peel layers like onions, but still remain whole, I can be long, like a flagpole, yet fit in a hole, What am I?Snake
44%
Only one colour but not one size, Stuck at the bottom yet easily flies, Present in the sun but not in the rain, Doing no harm and feeling no pain, What am I?Shadow
35%
No legs have I to dance, No lungs have I to breathe, No life have I to live or die, And yet I do all three. What am I?Fire
20%
There was a green house. Inside the green house there was a white house. Inside the white house there was a red house. Inside the red house there were lots of babies. What am I?Watermelon
15%
I am slim and tall, Many find me desirable and appealing. They touch me and I give a false good feeling. Once I shine in splendor, But only once and then no more. For many I am "to die for". What am I?Cigarette
6%
I come in different shapes and sizes. Part of me are curves, others are straight. You can put me anywhere you like, but there is only one right place for me. What am I?Jigsaw Puzzle
6%
With pointed fangs it sits in wait, With piercing force its doles out fate, Over bloodless victims proclaiming its might, Eternally joining in a single bite. What am I?Stapler
5%

Score Distribution

Percentile by Number Answered

Percent of People with Each Score

Your Score History

You have not taken this quiz